Hernando Colón, historiador de América (Record no. 136302)
[ view plain ]
| 000 -LEADER | |
|---|---|
| campo de control de longitud fija | 00887nam a2200205 i 4500 |
| 001 - NÚMERO DE CONTROL | |
| campo de control | 136302 |
| 003 - IDENTIFICADOR DE NÚMERO DE CONTROL | |
| campo de control | ES-MaACL |
| 005 - FECHA Y HORA DE LA ÚLTIMA TRANSACCIÓN | |
| campo de control | 20250925063042.0 |
| 007 - CAMPO FIJO DE DESCRIPCIÓN FÍSICA--INFORMACIÓN GENERAL | |
| campo de control de longitud fija | t| |
| 008 - DATOS DE LONGITUD FIJA--INFORMACIÓN GENERAL | |
| campo de control de longitud fija | 070214s1970 sp r ||||1| spa d |
| 100 1# - ENTRADA PRINCIPAL--NOMBRE DE PERSONA | |
| Nombre de persona | Rumeu de Armas, Antonio, |
| Fechas asociadas al nombre | 1912-2006 |
| 9 (RLIN) | 100991 |
| 245 10 - MENCIÓN DEL TÍTULO | |
| Título | Hernando Colón, historiador de América |
| Resto del título | : discurso / |
| Mención de responsabilidad, etc. | leído el día 22 de noviembre de 1970 en el acto de su recepción pública por el Excmo. Sr. D. Antonio Rumeu de Armas ; y contestación por el Excmo. Sr. D. Jesús Pabón y Suárez de Urbina. |
| 260 ## - PUBLICACIÓN, DISTRIBUCIÓN, ETC. | |
| Lugar de publicación, distribución, etc. | Madrid : |
| Nombre del editor, distribuidor, etc. | Real Academia de la Historia, |
| Fecha de publicación, distribución, etc. | 1970. |
| 300 ## - DESCRIPCIÓN FÍSICA | |
| Extensión | 97 p. ; |
| Dimensiones | 24 cm. |
| 600 14 - PUNTO DE ACCESO ADICIONAL DE MATERIA--NOMBRE DE PERSONA | |
| Nombre de persona | Colón, Fernando, |
| Fechas asociadas al nombre | 1488-1539 |
| 9 (RLIN) | 39874 |
| 700 1# - ENTRADA AGREGADA--NOMBRE PERSONAL | |
| Nombre de persona | Pabón y Suárez de Urbina, Jesús, |
| Fechas asociadas al nombre | 1902-1976 |
| 9 (RLIN) | 88103 |
| 710 2# - ENTRADA AGREGADA--NOMBRE DE ENTIDAD CORPORATIVA | |
| Nombre de entidad corporativa o nombre de jurisdicción como elemento de entrada | Real Academia de la Historia (España) |
| 9 (RLIN) | 6309 |
| 852 ## - LOCALIZACIÓN | |
| Ubicación | ES-MaACL |
| Número de control de estantería | C-41901 |
| Sublocalización o colección | R.75618 |
| Estatus retirado | Estado de pérdida | Estado de daño | No para préstamo | Biblioteca de origen | Biblioteca actual | Ubicación en estantería | Fecha de adquisición | Fuente de adquisición | Total de préstamos | Signatura topográfica completa | Código de barras | Visto por última vez | Precio de reemplazo | Tipo de ítem Koha |
|---|---|---|---|---|---|---|---|---|---|---|---|---|---|---|
| Biblioteca del Ateneo de Madrid | Biblioteca del Ateneo de Madrid | Depósito 2 | 17/01/2008 | C-41901 | 1141857 | 23/02/2023 | 23/02/2023 | Libro impreso |
